Statistiques concernant Culture générale - Quiz #16

Cliquez ici pour prendre le quiz!

Statistiques générales

  • Ce quiz a été pris 17 728 fois
  • Le résultat moyen est 9 sur 20

Statistiques - réponses

QuestionRéponse% Correct
Dans les représentations populaires, quel type d'animal est souvent juché sur l'épaule d'un pirate ?Un perroquet
97%
Quelle est la capitale de l'Irlande ?Dublin
92%
Quel réseau social a popularisé l'usage du hashtag dans des messages écrits ?Twitter / X
85%
Quelle couleur, commençant par M, est l'une des trois couleurs primaires avec le cyan et le jaune ?Magenta
73%
Quelle expression "sucrée" permet de nommer le mois qui suit le mariage, souvent consacré au voyage de noces ?La Lune de miel
68%
Que devient une personne lorsqu'elle est canonisée ?Un saint / Une sainte
50%
Le pluriel de "maximum" peut s'écrire "maximums". Quelle autre orthographe de ce pluriel est directement tirée du latin ?Maxima
46%
Prenez le nom d'un département français. Ajoutez-lui un "t" à la fin et vous obtenez un autre département. Lequel ?Loiret
44%
De quel roman est issu le personnage de Big Brother, dont le visage est placardé sur des affiches ?1984
43%
Quel nom est donné au cabillaud lorsqu'il est salé et séché ?Morue
39%
Quel nom porte la partie cylindrique rotative contenant les cartouches d'un revolver ?Le barillet
38%
Dans quelle mer se situe l'archipel des Cyclades ?La mer Égée
37%
Dans quel pays se situe le mont Ararat ?En Turquie
29%
Nommez l’un des deux pays accueillant la plus grande population de personnes appartenant au groupe ethnique pachtoune.Afghanistan / Pakistan
26%
Quel nom est donné aux chiens sauvages rencontrés notamment en Australie et originaires d'Asie du Sud-Est ?Dingo
26%
Combien de touches compte un piano traditionnel ?88
21%
Quel organe joue un rôle important dans l’immunité et le processus de renouvellement cellulaire du sang ?La rate
20%
Quel roman de Michael Crichton adapté au cinéma est devenu le film le plus rentable de 1993 ?Jurassic Park
11%
Quel barrage chinois, achevé en 2008, aurait nécessité l'évacuation de plus d'un million d'habitants ainsi que la submersion de plusieurs villes ?Le barrage des Trois-Gorges
8%
Quel nom porte la nourriture des Hébreux durant l'Exode dans le désert ?La manne
7%

Distribution des résultats

Percentile par nombre de réponses

% des personnes avec chaque résultat

Votre développement - résultats

Vous n’avez pas pris ce quiz